000
00191nam a2200085Ia 4500
008
250605s9999 xx 000 0 und d
041
_a
eng
100
_a
Vineet Sharma
245
_a
Triveni Ethnics
999
_c
44255
_d
44255